000
00293nam a22001337a 4500
008
170907b xxu||||| |||| 00| 0 eng d
020
_a
1557690006
041
_a
eng
080
_a
621
100
_a
27
101
_a
IM
245
_a
INDUSTRIAL HYDRAULIC TECHNOLOGY
_c
PARKER
942
_2
udc
_c
BK
999
_c
26572
_d
26572